| 000 | 00718nam a2200229 i 4500 | ||
|---|---|---|---|
| 001 | 24926 | ||
| 003 | ES-MaACL | ||
| 005 | 20250727154944.0 | ||
| 007 | t| | ||
| 008 | 021219s1973 xxk ||||1| eng d | ||
| 100 | 1 |
_aAngulo Iñiguez, Diego. _921788 |
|
| 245 | 1 | 2 |
_aA corpus of spanish drawings / _cby Diego Angulo & Alfonso E. Pérez Sánchez. |
| 260 |
_aLondon : _bHarvey Miller, _c1973. |
||
| 300 |
_a2 v. : _bil. ; _c34 cm. |
||
| 500 | _aIndices. | ||
| 505 | 8 | _aContiene: II. Madrid 1600-1650 -- III. Sevilla 1600-1650 | |
| 700 | 1 |
_aPérez Sánchez, Alfonso E., _d1935-2010 _9240883 |
|
| 740 | 0 | _aMadrid 1600-1650. | |
| 740 | 0 | _aSevilla 1600-1650. | |
| 852 |
_aES-MaACL _jP-1936 |
||
| 999 |
_c24926 _d24926 |
||